000 00691nam a2200181Ia 4500
005 20250423100049.0
008 250422s9999 xx 000 0 und d
020 _a0071431209
050 _aRG 493.3 .R33 P438/
100 _aPeart, O. J.
245 0 _aMammography and breast imaging : just the facts
260 _aNew York
260 _bMcGraw-Hill Medical Pub. Division
260 _c2005
300 _a273 p
650 _a Mammography-methods-Examination Questions Breast-radionuclide imaging-Examination Questions Breast Diseases-diagnosis-Examination Questions Diagnostic Imaging-methods-Examination Questions Ultrasonography, Mammary-methods-Examination Questions
942 _cBK
999 _c32176
_d32176